[Event "TCh-CHN 2016"]
[Site "China CHN"]
[Date "2016.07.24"]
[Round "9.1"]
[Board "1"]
[White "Ni, Hua"]
[Black "Li, Shilong"]
[Result "1/2-1/2"]
[WhiteTitle "GM"]
[BlackTitle "GM"]
[WhiteElo "2681"]
[BlackElo "2514"]
[WhiteTeam "Shanghai"]
[BlackTeam "Guangdong"]
[WhiteFideId "8601160"]
[BlackFideId "8600678"]
[EventDate "2016.04.12"]

1. e4 c5 2. Nf3 d6 3. Bb5+ Nd7 4. O-O a6 5. Bd3 Ngf6 6. Re1 b5 7. c4 g5 8. Nxg5
Ne5 9. Be2 bxc4 10. Nc3 Rg8 11. d4 cxd3 12. Bxd3 h6 13. Nf3 Nxd3 14. Qxd3 Bb7
15. Bf4 d5 16. exd5 Nxd5 17. Bg3 Nb4 18. Qc4 Qd3 19. Qf4 Bxf3 20. gxf3 Qd4 21.
Re4 Qd7 22. Re3 Qd4 23. Re4 Qd7 24. Rd1 Nd3 25. Qe3 Rd8 26. Na4 Rg5 27. h4 Rf5
28. Nxc5 Rxc5 29. Rxd3 Qxd3 30. Qxc5 Qd5 31. Qxd5 Rxd5 32. Ra4 Bg7 33. b4 Rb5
34. Bf4 Rb6 35. a3 h5 36. Ra5 Bb2 37. Be3 Rg6+ 38. Kf1 e5 39. Ke2 Rc6 40. a4 Kd7
41. f4 Bc3 42. Bd2 Bxd2 43. Kxd2 Rc4 44. fxe5 Rxb4 45. Rxa6 Rxh4 46. Ke3 Rb4 47.
a5 Ra4 48. f4 h4 49. Rf6 Ke7 50. a6 h3 51. Kf2 Ra2+ 52. Kg1 Rg2+ 53. Kh1 Rf2 54.
Rf5 Ra2 55. Rf6 Rf2 56. f5 h2 57. Rb6 Rf1+ 58. Kxh2 Rxf5 59. Rb5 Rf2+ 60. Kg3
Ra2 61. Rb6 Ra4 62. Kf3 Kd7 63. Ke3 Ke7 64. Kd3 Kd7 65. Ke3 Ke7 66. Kd3 Kd7 67.
Rf6 Ke7 68. Rh6 Kd7 69. Kc3 Kc7 70. Rf6 Kb8 71. Kd3 Kc8 72. Rh6 Kb8 73. Rc6 Ka7
74. Rf6 Rxa6 75. Rxf7+ Kb8 76. Rd7 Kc8 77. Rd4 Ra7 78. Ke4 Rd7 79. Ra4 Kd8 80.
Kf5 Ke7 81. Rh4 Rd1 82. Rh7+ Kf8 83. Kf6 Rf1+ 84. Ke6 Re1 85. Rh8+ Kg7 86. Ra8
Re2 87. Re8 Ra2 88. Re7+ Kf8 89. Rd7 Re2 90. Rd5 Re1 91. Rc5 Re2 92. Rc8+ Kg7
93. Rd8 Re1 94. Re8 Ra1 95. Re7+ Kf8 96. Rd7 Re1 97. Rd8+ Kg7 98. Rd2 Kf8 1/2-1/2

[Event "TCh-CHN 2016"]
[Site "China CHN"]
[Date "2016.07.24"]
[Round "9.1"]
[Board "2"]
[White "Zhou, Jianchao"]
[Black "Xu, Yinglun"]
[Result "1-0"]
[WhiteTitle "GM"]
[WhiteElo "2612"]
[BlackElo "2523"]
[WhiteTeam "Shanghai"]
[BlackTeam "Guangdong"]
[WhiteFideId "8603537"]
[BlackFideId "8604940"]
[EventDate "2016.04.12"]

1. c4 e6 2. Nc3 d5 3. d4 Be7 4. Nf3 Nf6 5. Bf4 O-O 6. e3 b6 7. Bd3 dxc4 8. Bxc4
Bb7 9. O-O Nbd7 10. h3 a6 11. a4 Bd6 12. Ne5 Qe7 13. Qe2 c5 14. Rad1 Rfd8 15.
Rd2 Nd5 16. Bxd5 exd5 17. Nxd7 Rxd7 18. Bxd6 Rxd6 19. a5 cxd4 20. Rxd4 bxa5 21.
Ra1 Qc7 22. Qd2 Rad8 23. Ne2 Rc6 24. Qxa5 Qxa5 25. Rxa5 Rc2 26. Rb4 Rd7 27. Nd4
Rc1+ 28. Kh2 g6 29. Rb6 Rcc7 30. g4 Kg7 31. b4 Rc4 32. Rc5 Rc7 33. Rxc7 Rxc7 34.
g5 Bc8 35. Kg3 h6 36. h4 hxg5 37. hxg5 Re7 38. Rb8 Bf5 39. Rd8 Rb7 40. Rxd5 Rxb4
41. Nxf5+ gxf5 42. Rxf5 Ra4 43. Rf6 a5 44. Ra6 Ra1 45. Kf4 a4 46. Kf5 a3 47. Ra7
a2 48. e4 Kg8 49. e5 Kg7 50. Ra8 Kh7 51. Ke4 1-0

[Event "TCh-CHN 2016"]
[Site "China CHN"]
[Date "2016.07.24"]
[Round "9.1"]
[Board "3"]
[White "Harikrishna, P."]
[Black "Zeng, Chongsheng"]
[Result "1-0"]
[WhiteTitle "GM"]
[BlackTitle "GM"]
[WhiteElo "2755"]
[BlackElo "2549"]
[WhiteTeam "Shanghai"]
[BlackTeam "Guangdong"]
[WhiteFideId "5007003"]
[BlackFideId "8603847"]
[EventDate "2016.04.12"]

1. e4 c6 2. d3 g6 3. Nf3 Bg7 4. Be2 d5 5. Nbd2 e5 6. O-O Ne7 7. b4 a5 8. bxa5
Qxa5 9. a4 O-O 10. Bb2 Qc7 11. Re1 d4 12. c3 dxc3 13. Bxc3 Bg4 14. h3 Bxf3 15.
Nxf3 Na6 16. a5 Rad8 17. Rb1 Rd7 18. Qc2 c5 19. Rb5 Nc6 20. Qb2 Re8 21. Rc1 Bh6
22. Rb1 Ree7 23. Rb6 Nd4 24. Bxd4 cxd4 25. Rb5 f6 26. Bd1 Kg7 27. Qe2 Qc3 28.
Bb3 Nc7 29. Rxb7 Qxa5 30. Bc4 Ne8 31. Rxd7 Rxd7 32. Rb8 Qa1+ 33. Kh2 Re7 34. g3
Qa7 35. Qb2 Bc1 36. Qb1 Ba3 37. Bd5 Bd6 38. Ra8 Qd7 39. g4 g5 40. Qb6 Nc7 41.
Rg8+ Kh6 42. Bb3 Re8 43. Ba4 Qxa4 44. Qxd6 Rxg8 45. Qxf6+ Rg6 46. Qf8+ Rg7 47.
h4 Ne6 48. hxg5+ Nxg5 49. Nxg5 Qa6 50. Nf7+ 1-0

[Event "TCh-CHN 2016"]
[Site "China CHN"]
[Date "2016.07.24"]
[Round "9.1"]
[Board "4"]
[White "Li, Xueyi"]
[Black "Zhang, Xiaowen"]
[Result "0-1"]
[BlackTitle "WGM"]
[WhiteElo "2112"]
[BlackElo "2374"]
[WhiteTeam "Guangdong"]
[BlackTeam "Shanghai"]
[WhiteFideId "8605912"]
[BlackFideId "8603219"]
[EventDate "2016.04.12"]

1. d4 Nf6 2. c4 e6 3. g3 d5 4. Bg2 dxc4 5. Nf3 Nc6 6. O-O Rb8 7. Nc3 b5 8. Ne5
Nxe5 9. dxe5 Nd7 10. Bc6 a6 11. a4 b4 12. Ne4 Rb6 13. Bxd7+ Qxd7 14. Qc2 Qc6 15.
Bg5 Be7 16. Bxe7 Kxe7 17. f3 a5 18. Qd2 h6 19. Rfd1 Rb8 20. Qf4 Bb7 21. Kg2 Rhd8
22. Qh4+ Ke8 23. Qh5 Rxd1 24. Rxd1 Qxa4 25. b3 Qa2 26. Rd2 Qxd2 27. Nxd2 c3 28.
Ne4 c2 29. Nf6+ Ke7 30. Nd7 c1=Q 31. Nxb8 Qg5 0-1

[Event "TCh-CHN 2016"]
[Site "China CHN"]
[Date "2016.07.24"]
[Round "9.1"]
[Board "5"]
[White "Liu, Manli"]
[Black "Ju, Wenjun"]
[Result "0-1"]
[BlackTitle "GM"]
[WhiteElo "2015"]
[BlackElo "2568"]
[WhiteTeam "Guangdong"]
[BlackTeam "Shanghai"]
[WhiteFideId "8608121"]
[BlackFideId "8603006"]
[EventDate "2016.04.12"]

1. e4 c5 2. Nf3 d6 3. d4 cxd4 4. Nxd4 Nf6 5. Nc3 Nc6 6. Be2 e5 7. Nb3 Be7 8. O-O
O-O 9. Kh1 a5 10. a4 Nb4 11. Be3 Be6 12. f4 Rc8 13. Bf3 Qc7 14. Rf2 b6 15. Nc1
Rfd8 16. Rd2 g6 17. Nd3 d5 18. fxe5 Nxe4 19. Nb5 Qb8 20. Bxe4 dxe4 21. Nxb4 Bxb4
22. c3 Bc5 23. Bd4 e3 24. Rd3 e2 25. Qd2 Bc4 26. Re3 Qb7 27. Nd6 Bxd6 28. exd6
Rxd6 29. b3 Ba6 30. Re1 Qd7 31. Rf3 f6 32. Qf4 Rf8 33. Re3 Kg7 34. Kg1 Rf7 35.
Kf2 Rd5 36. g4 g5 37. Qe4 Rd6 38. Rh3 h6 39. Re3 Qd8 40. h3 Qd7 41. Qf3 Rxd4 42.
cxd4 Qxd4 43. Qe4 Qd6 44. Kg1 Qc5 45. h4 Bb7 46. Qe6 Bd5 47. Qe8 Bc6 48. Qe6 Bd7
49. Qe4 Bxg4 50. hxg5 hxg5 51. Kf2 f5 52. Qe5+ Qxe5 53. Rxe5 Rf6 54. Re7+ Kg6
55. Rg1 Rd6 56. Re8 Kf6 57. Rh1 Rd1 58. Re1 f4 59. Rb8 Rd6 60. Rf8+ Kg7 61. Re8
Bh5 62. Re5 Kf6 63. Re4 Kf5 64. Re7 Rd2 65. Rh7 Kg6 66. Rb7 Rd6 67. Rb8 Re6 68.
Rh1 g4 69. Rg8+ Kf7 70. Rg5 g3+ 71. Ke1 Bg6 72. Rg4 Rf6 73. Kxe2 f3+ 74. Ke3 g2
75. Rc1 f2 76. Rxg2 f1=Q 77. Rxf1 Rxf1 78. Kd4 Rf4+ 79. Kc3 Bf5 80. Rb2 Be6 0-1

[Event "TCh-CHN 2016"]
[Site "China CHN"]
[Date "2016.07.24"]
[Round "9.2"]
[Board "1"]
[White "Wang, Yiye"]
[Black "Zvjaginsev, Vadim"]
[Result "1/2-1/2"]
[WhiteTitle "IM"]
[BlackTitle "GM"]
[WhiteElo "2442"]
[BlackElo "2677"]
[WhiteTeam "Beijing"]
[BlackTeam "Chongqing"]
[WhiteFideId "8606021"]
[BlackFideId "4113403"]
[EventDate "2016.04.12"]

1. e4 c5 2. Nf3 Nc6 3. Bb5 g6 4. O-O Bg7 5. Re1 e5 6. Bxc6 dxc6 7. d3 Qe7 8. h3
Nf6 9. Be3 Nd7 10. Qc1 Nf8 11. Bh6 f6 12. Be3 Ne6 13. c3 O-O 14. d4 cxd4 15.
cxd4 exd4 16. Nxd4 Qf7 17. Nc3 Nxd4 18. Bxd4 b6 19. Be3 Re8 20. Bh6 Bh8 21. Bf4
Be6 22. Qc2 Rad8 23. Rad1 Bg7 24. Rxd8 Rxd8 25. Rd1 Qe7 26. Rxd8+ Qxd8 27. Qa4
Qd7 28. Qa6 Bf8 29. a3 Bf7 30. Qe2 b5 31. Qd2 Qxd2 32. Bxd2 a5 33. Ne2 b4 34.
axb4 axb4 35. Kf1 Bc4 36. Ke1 Kf7 37. Be3 Ke6 38. Nd4+ Kd7 39. h4 c5 40. Nf3 Kc6
41. Kd2 h5 42. Kc2 Bf1 43. g3 Be2 44. Ne1 c4 45. Kd2 Bg4 46. Nc2 Kb5 47. Bd4 Bc5
48. Bxf6 Bxf2 49. Be5 Kc5 50. Bf4 Bf3 51. e5 Bg4 52. Be3+ Bxe3+ 53. Kxe3 Bf5 54.
Nd4 Kd5 55. Nxf5 gxf5 56. e6 Kxe6 57. Kd4 c3 58. bxc3 b3 59. Kd3 Kd5 60. c4+ Kc5
61. Kc3 b2 62. Kxb2 Kxc4 63. Kc2 1/2-1/2

[Event "TCh-CHN 2016"]
[Site "China CHN"]
[Date "2016.07.24"]
[Round "9.2"]
[Board "2"]
[White "Yu, Yangyi"]
[Black "Zhou, Weiqi"]
[Result "1/2-1/2"]
[WhiteTitle "GM"]
[BlackTitle "GM"]
[WhiteElo "2738"]
[BlackElo "2635"]
[WhiteTeam "Beijing"]
[BlackTeam "Chongqing"]
[WhiteFideId "8603820"]
[BlackFideId "8601674"]
[EventDate "2016.04.12"]

1. d4 Nf6 2. c4 e6 3. Nf3 d5 4. Bg5 Be7 5. Nc3 O-O 6. Qc2 b6 7. cxd5 Nxd5 8.
Nxd5 exd5 9. Bxe7 Qxe7 10. Rc1 Ba6 11. e3 Bxf1 12. Kxf1 Rc8 13. Qf5 Qd7 14. Qxd7
Nxd7 15. Rc6 Nb8 16. Rc3 c5 17. dxc5 Rxc5 18. Rxc5 bxc5 19. Ke2 Nd7 20. Rd1 Nb6
21. Ne5 Rc8 22. h4 f6 23. Nd3 c4 24. Nf4 Rc5 25. Kd2 Ra5 26. Ra1 Kf7 27. Ne2 Na4
28. Kc2 Nc5 29. f3 Nd3 30. Kc3 Ra6 31. Nd4 Nc5 32. h5 g6 33. g4 Ke7 34. hxg6
hxg6 35. Kc2 Ne6 36. Ne2 Kd6 37. f4 g5 38. fxg5 fxg5 39. a3 Rb6 40. Rf1 Rb8 41.
Nc3 d4 42. exd4 Nxd4+ 43. Kc1 Nb3+ 44. Kd1 Nd4 45. Kc1 Nb3+ 46. Kc2 1/2-1/2

[Event "TCh-CHN 2016"]
[Site "China CHN"]
[Date "2016.07.24"]
[Round "9.2"]
[Board "3"]
[White "Zhang, Zhong"]
[Black "Wang, Chen"]
[Result "1/2-1/2"]
[WhiteTitle "GM"]
[BlackTitle "IM"]
[WhiteElo "2634"]
[BlackElo "2514"]
[WhiteTeam "Beijing"]
[BlackTeam "Chongqing"]
[WhiteFideId "8600694"]
[BlackFideId "8601020"]
[EventDate "2016.04.12"]

1. Nf3 d5 2. d4 Nf6 3. c4 e6 4. g3 g6 5. Bg2 Bg7 6. O-O O-O 7. Bf4 Nc6 8. Na3
Ne7 9. Rc1 c6 10. Be5 b6 11. Qb3 Bb7 12. Rfd1 Nf5 13. Nd2 Bh6 14. Nc2 Ng4 15.
cxd5 exd5 16. Bh3 Nxe5 17. dxe5 Ng7 18. f4 Qe8 19. Ne3 Ne6 20. Ng4 Bg7 21. e4
Qe7 22. Bg2 Rfd8 23. Qe3 h5 24. Nf2 Qe8 25. Nb3 Bf8 26. f5 d4 27. Qe2 Ng5 28.
Nxd4 c5 29. Nb5 Ba6 30. a4 Qxe5 31. Nd3 Qe7 32. fxg6 fxg6 33. Nf4 Kg7 34. e5 Bb7
35. Qc2 Bxg2 36. Qxg6+ Kh8 37. Qxh5+ Kg8 38. Nxg2 Qxe5 39. Qg4 Bg7 40. Nc3 Rd4
41. Rxd4 cxd4 42. Ne2 Re8 43. Nef4 Ne4 44. Nd3 Qg5 45. Qxg5 Nxg5 46. Ngf4 Bh6
47. Kg2 Ne6 48. Rf1 Nc5 49. a5 Bxf4 50. Nxf4 bxa5 51. h4 Rb8 52. Rf2 Rb3 53. Re2
Na4 54. Re7 d3 55. h5 d2 56. Rd7 Rxb2 57. Kh3 Nc3 58. h6 Rb6 59. h7+ Kh8 60.
Rxd2 Kxh7 61. Rd7+ Kg8 62. Rxa7 Rb5 1/2-1/2

[Event "TCh-CHN 2016"]
[Site "China CHN"]
[Date "2016.07.24"]
[Round "9.2"]
[Board "4"]
[White "Tan, Zhongyi"]
[Black "Zhao, Xue"]
[Result "0-1"]
[WhiteTitle "WGM"]
[BlackTitle "GM"]
[WhiteElo "2518"]
[BlackElo "2504"]
[WhiteTeam "Chongqing"]
[BlackTeam "Beijing"]
[WhiteFideId "8603642"]
[BlackFideId "8601283"]
[EventDate "2016.04.12"]

1. Nf3 Nf6 2. g3 b5 3. Bg2 d5 4. O-O e6 5. d3 Be7 6. Nbd2 O-O 7. e4 c5 8. e5
Nfd7 9. Qe2 Nc6 10. Re1 b4 11. h4 Ba6 12. h5 h6 13. g4 Qb6 14. Qe3 Rac8 15. Nb3
c4 16. Qxb6 Nxb6 17. dxc4 Nxc4 18. Bf1 Bb7 19. Rb1 a5 20. Bf4 g5 21. Bg3 a4 22.
Nbd4 Nxd4 23. Nxd4 Nd2 24. Rbd1 Nxf1 25. Kxf1 Ba6+ 26. Kg2 Bc5 27. Rd2 Rc7 28.
Rc1 Rfc8 29. Kh3 Bb6 30. Nf3 Ba5 31. b3 Rc3 32. Kg2 Bb6 33. bxa4 Ra3 34. Rb1 Rc4
35. Ne1 Bd4 36. Nd3 Bc3 37. Re2 Rxg4 38. f3 Rd4 39. Bf2 Bxd3 40. cxd3 Rxd3 41.
Bc5 Rxa4 42. Bd6 Kg7 43. f4 gxf4 44. Rf1 Re3 45. Rxe3 fxe3 46. Kf3 Rxa2 47. Rg1+
Kh7 48. Kxe3 Rh2 49. Rf1 Bd2+ 50. Kd3 Kg7 51. Be7 Bg5 52. Bf6+ Kg8 53. Kd4 Rxh5
54. Kc5 b3 55. Kd6 b2 56. Ke7 Bc1 57. Rg1+ Rg5 0-1

[Event "TCh-CHN 2016"]
[Site "China CHN"]
[Date "2016.07.24"]
[Round "9.2"]
[Board "5"]
[White "Lei, Tingjie"]
[Black "Wang, Jue"]
[Result "1/2-1/2"]
[WhiteTitle "WGM"]
[BlackTitle "WGM"]
[WhiteElo "2504"]
[BlackElo "2380"]
[WhiteTeam "Chongqing"]
[BlackTeam "Beijing"]
[WhiteFideId "8605114"]
[BlackFideId "8604070"]
[EventDate "2016.04.12"]

1. c4 Nf6 2. Nc3 g6 3. d4 Bg7 4. e4 d6 5. f3 O-O 6. Be3 Nc6 7. Nge2 a6 8. Qd2
Re8 9. Bh6 Bh8 10. O-O-O b5 11. h4 Na5 12. Qe1 Nxc4 13. h5 e5 14. d5 b4 15. Nb1
c6 16. hxg6 fxg6 17. Qxb4 cxd5 18. exd5 Nb6 19. Nbc3 Qc7 20. Kb1 Rb8 21. Ng3 e4
22. Ka1 Nfxd5 23. Rxd5 Nxd5 24. Qc4 Be6 25. Qxc7 Nxc7 26. Ngxe4 d5 27. Nc5 Bf5
28. Bd2 d4 29. Bc4+ Kg7 30. Bh6+ Kf6 31. N3e4+ Bxe4 32. fxe4 g5 33. Nd7+ Kg6 34.
Nxb8 Rxb8 35. e5 Bxe5 36. Bd3+ Kf6 37. Rf1+ Ke6 38. Re1 Kd6 39. Bxg5 Nd5 40. Bd2
Ne3 41. Rh1 Nxg2 42. Be4 Nf4 43. Rh6+ Kc5 44. Kb1 Nd5 45. Rh5 Kd6 46. Rh6+ Nf6
47. Bd3 Rb6 48. a4 Kd5 49. b4 Rd6 50. Kb2 Ne4 51. Bc1 Rxh6 52. Bxh6 Bd6 53. Kb3
a5 54. Bc4+ Kc6 55. Bb5+ Kb6 56. Bd3 Nc3 57. b5 Nd5 58. Kc4 Nc3 59. Bc2 Be5 60.
Bb3 Ne4 61. Kd5 Nc5 62. Bd1 Bf6 63. Bc2 Nb7 64. Bxh7 Nd8 65. Bg6 Nb7 66. Bf8 Kc7
67. Bf5 Kb6 68. Ba3 Bg7 69. Bc2 Bf6 70. Bd3 Bg7 71. Bg6 Bf6 72. Bf5 Bh8 73. Be7
Bg7 74. Bh4 Kc7 75. Be4 Kb6 76. Be7 Kc7 77. Bg5 Kb6 78. Bh4 Kc7 79. Be7 Bh8 80.
Bf8 Bf6 81. Ke6 Bg5 82. Ke5 Nd8 83. Bd6+ Kb6 84. Kxd4 Ne6+ 85. Kd5 Nc7+ 86. Kc4
Be3 87. Be7 Bf2 88. Bc6 Be3 89. Bd7 Bf2 90. Bf6 Be3 91. Bh4 Ka7 92. Bc6 Ne6 93.
Be7 Kb6 94. Kd5 Nc5 95. Bd8+ 1/2-1/2

[Event "TCh-CHN 2016"]
[Site "China CHN"]
[Date "2016.07.24"]
[Round "9.3"]
[Board "2"]
[White "Xiong, Jeffery"]
[Black "Lin, Yi"]
[Result "1/2-1/2"]
[WhiteTitle "GM"]
[WhiteElo "2641"]
[BlackElo "2276"]
[WhiteTeam "Zhejiang"]
[BlackTeam "Shenzhen"]
[WhiteFideId "2047640"]
[BlackFideId "8602735"]
[EventDate "2016.04.12"]

1. Nf3 Nf6 2. c4 g6 3. Nc3 d5 4. cxd5 Nxd5 5. Qb3 Nb6 6. d4 Bg7 7. Bf4 O-O 8.
Rd1 Be6 9. d5 Bd7 10. Ne5 c6 11. dxc6 Nxc6 12. Nxc6 bxc6 13. e4 Qc8 14. Be2 Be6
15. Qc2 Bc4 16. O-O Qe6 17. Bxc4 Qxc4 18. Rc1 Rfd8 19. b3 Qe6 20. Rfe1 Rac8 21.
Qe2 Rd7 22. Qa6 Rcd8 23. Na4 Nxa4 24. Qxa4 Rd4 25. Qa5 R8d7 26. Qa6 h5 27. f3
Qf6 28. Be3 Rd3 29. Qxc6 Qh4 30. Bf2 Qf4 31. Qc5 h4 32. e5 R3d5 33. Qc8+ Rd8 34.
Qh3 Rxe5 35. Qxh4 Qd2 36. h3 Bf6 37. Qa4 Ra5 38. Rcd1 Rxa4 39. Rxd2 Rxd2 1/2-1/2

[Event "TCh-CHN 2016"]
[Site "China CHN"]
[Date "2016.07.24"]
[Round "9.3"]
[Board "3"]
[White "Lu, Shanglei"]
[Black "Yu, Kaifeng"]
[Result "1-0"]
[WhiteTitle "GM"]
[BlackTitle "FM"]
[WhiteElo "2619"]
[BlackElo "2220"]
[WhiteTeam "Zhejiang"]
[BlackTeam "Shenzhen"]
[WhiteFideId "8603332"]
[BlackFideId "8609667"]
[EventDate "2016.04.12"]

1. e4 c5 2. Nf3 d6 3. d4 cxd4 4. Nxd4 Nf6 5. Nc3 a6 6. Be3 e5 7. Nb3 Be7 8. h3
Be6 9. Qf3 Nbd7 10. g4 h6 11. O-O-O O-O 12. Kb1 Ne8 13. Nd5 Bh4 14. Bd3 Nef6 15.
Qg2 Re8 16. Rhg1 Bxd5 17. exd5 e4 18. Be2 Bg5 19. h4 Bxe3 20. fxe3 g6 21. c4 Re5
22. Nd4 Nh7 23. Qg3 Qe7 24. Rdf1 Re8 25. Rg2 Rc8 26. Rgf2 Rf8 27. Qh2 Kg7 28.
Rh1 Rh8 29. Rf4 Qe8 30. a3 Qe7 31. Qg3 Rf8 32. Rhf1 Qe8 33. Qe1 Qd8 34. h5 Ng5
35. Qc3 Qe7 36. Qb4 Rb8 37. hxg6 fxg6 38. Bd1 Kg8 39. Ba4 Kg7 40. Ka2 Nc5 41.
Nc6 bxc6 42. Qxb8 Nxa4 43. dxc6 Rc5 44. Qb7 1-0

[Event "TCh-CHN 2016"]
[Site "China CHN"]
[Date "2016.07.24"]
[Round "9.3"]
[Board "5"]
[White "Du, Yuxin"]
[Black "Ding, Yixin"]
[Result "0-1"]
[BlackTitle "WGM"]
[WhiteElo "2074"]
[BlackElo "2426"]
[WhiteTeam "Shenzhen"]
[BlackTeam "Zhejiang"]
[WhiteFideId "8610282"]
[BlackFideId "8602972"]
[EventDate "2016.04.12"]

1. e4 c5 2. Nf3 d6 3. d4 cxd4 4. Qxd4 Nc6 5. Bb5 Bd7 6. Bxc6 Bxc6 7. Nc3 h6 8.
Be3 e5 9. Qd3 Nf6 10. O-O-O Be7 11. Rhg1 Qd7 12. g4 Nxg4 13. h3 Nxe3 14. Qxe3
Qxh3 15. Rxg7 Qe6 16. Nd5 Bxd5 17. Rxd5 h5 18. Rg1 h4 19. Qa3 a6 20. Qa4+ Kf8
21. Qb3 b5 22. Qd3 Rg8 23. Qe3 Rxg1+ 24. Nxg1 Kg7 25. Qf3 Qf6 26. Qg2+ Kh7 27.
Rd1 Rg8 28. Qf1 Qg5+ 29. Kb1 Qg2 30. Qe2 Rg4 31. Nf3 Rf4 32. Ng1 Kg6 33. b3 Rxf2
34. Qd3 Qg3 35. Qd5 Qc3 36. Rc1 Bg5 37. Qxd6+ Kg7 0-1

[Event "TCh-CHN 2016"]
[Site "China CHN"]
[Date "2016.07.25"]
[Round "10.1"]
[Board "1"]
[White "Li, Shilong"]
[Black "Xu, Jun"]
[Result "1-0"]
[WhiteTitle "GM"]
[BlackTitle "GM"]
[WhiteElo "2514"]
[BlackElo "2527"]
[WhiteTeam "Guangdong"]
[BlackTeam "Jiangsu"]
[WhiteFideId "8600678"]
[BlackFideId "8600031"]
[EventDate "2016.04.12"]

1. Nf3 d5 2. d4 a6 3. Bf4 Nf6 4. e3 Bg4 5. Nbd2 e6 6. h3 Bh5 7. g4 Bg6 8. Ne5
Nfd7 9. Nxg6 hxg6 10. c4 dxc4 11. Nxc4 b5 12. Qf3 Ra7 13. Nd2 Bd6 14. O-O-O Bxf4
15. Qxf4 Nf6 16. g5 Nd5 17. Qg3 Qd6 18. f4 Nd7 19. Kb1 Ne7 20. Ne4 Qb6 21. Rc1
Ra8 22. Bg2 Rc8 23. Nc5 Nxc5 24. Rxc5 Qd6 25. Rcc1 Qb6 26. Rc5 Qd6 27. Be4 Rd8
28. h4 Qb6 29. Qf3 Nf5 30. Qf2 Kf8 31. Rhc1 Rd7 32. Qe1 Ne7 33. Qb4 Kg8 34. Rh1
c6 35. Qd2 Rd6 36. Qe2 Qd8 37. Qf3 Qe8 38. Rhc1 Nd5 39. Rh1 Ne7 40. Rc2 Rh5 41.
Qf2 Rh8 42. Qe1 Nd5 43. Rch2 Kf8 44. Bf3 Qd8 45. h5 gxh5 46. Rxh5 Rxh5 47. Rxh5
Ke7 48. Rh7 Qg8 49. Qh4 Rd8 50. e4 Nc7 51. g6+ Kd7 52. gxf7 Qxf7 53. Qg5 Rg8 54.
Bg4 Kc8 55. f5 Qf6 56. Qxf6 gxf6 57. Bh3 exf5 58. Bxf5+ Kb7 59. Rf7 Rg1+ 60. Kc2
Rg2+ 61. Kc3 Rg3+ 62. Kd2 Rg2+ 63. Kc3 Rg3+ 64. Kd2 Rg2+ 65. Ke1 Rxb2 66. d5
Rb1+ 67. Ke2 Rb2+ 68. Ke1 Rb1+ 69. Ke2 Rb2+ 70. Ke3 cxd5 71. exd5 Kb6 72. d6
Nd5+ 73. Ke4 Rd2 74. d7 Kc7 75. d8=Q+ Kxd8 76. Rd7+ Ke8 77. Rxd5 Rxa2 78. Rd6
Ke7 79. Rd7+ Ke8 80. Ra7 b4 81. Kd5 b3 82. Kc4 b2 83. Kb3 Ra5 84. Bg6+ Kf8 85.
Kxb2 Rg5 86. Bd3 a5 87. Kc3 Re5 88. Kd4 Re7 89. Rxa5 Kg7 90. Ra1 Kf8 91. Bc4 Kg7
92. Rg1+ Kh6 93. Bd3 Rg7 94. Rf1 Kg5 95. Be4 Rf7 96. Rf5+ Kg4 97. Ke3 Rf8 98.
Rf1 f5 99. Rg1+ Kh5 100. Bf3+ Kh6 101. Kf4 Rb8 102. Bd5 Kh7 103. Be6 Rf8 104.
Rg2 Kh8 105. Ra2 Rf6 106. Ke5 Rf8 107. Kf4 Rf6 108. Bxf5 Kg7 109. Kg5 Rf7 110.
Be6 Re7 111. Kf5 Kf8 112. Bd5 Rd7 113. Ke6 Re7+ 114. Kd6 1-0

[Event "TCh-CHN 2016"]
[Site "China CHN"]
[Date "2016.07.25"]
[Round "10.1"]
[Board "2"]
[White "Zeng, Chongsheng"]
[Black "Yu, Ruiyuan"]
[Result "0-1"]
[WhiteTitle "GM"]
[BlackTitle "GM"]
[WhiteElo "2549"]
[BlackElo "2516"]
[WhiteTeam "Guangdong"]
[BlackTeam "Jiangsu"]
[WhiteFideId "8603847"]
[BlackFideId "8603090"]
[EventDate "2016.04.12"]

1. c4 c6 2. Nf3 d5 3. b3 Nf6 4. Bb2 Nbd7 5. d3 e6 6. Nbd2 Bd6 7. g3 Qe7 8. Bg2
O-O 9. O-O e5 10. Qc2 Re8 11. e3 Nf8 12. a3 h6 13. b4 Bf5 14. Nh4 Bh7 15. Bh3 e4
16. Nf5 Bxf5 17. Bxf5 exd3 18. Bxd3 Be5 19. Bxe5 Qxe5 20. cxd5 Qxd5 21. Nc4 Rad8
22. Rfd1 Qf3 23. Na5 Rb8 24. Be2 Qe4 25. Qxe4 Nxe4 26. Rac1 Re7 27. Bf3 f5 28.
h4 Nd7 29. Rd4 Ndf6 30. Kg2 g5 31. hxg5 hxg5 32. Bxe4 fxe4 33. Rc5 g4 34. Nc4
Kg7 35. Rf5 Kg6 36. Rf4 Re6 37. Nd6 Rd8 38. Nxb7 Rxd4 39. exd4 e3 40. Kf1 exf2
41. Kxf2 Ne4+ 42. Kg2 Nf6 43. Na5 Re3 44. Nc4 Rc3 45. Ne5+ Kg5 46. a4 Rxg3+ 47.
Kxg3 Nh5+ 48. Kf2 Nxf4 49. Nxc6 Kh4 50. Ne5 Kh3 51. b5 g3+ 52. Kf3 g2 53. Kf2
Kh2 54. Nf3+ Kh1 55. a5 Nh3+ 56. Ke2 Ng5 57. Ng1 Kxg1 58. b6 axb6 59. axb6 Ne6 0-1

[Event "TCh-CHN 2016"]
[Site "China CHN"]
[Date "2016.07.25"]
[Round "10.1"]
[Board "3"]
[White "Xu, Yinglun"]
[Black "Lin, Chen"]
[Result "1-0"]
[BlackTitle "GM"]
[WhiteElo "2523"]
[BlackElo "2526"]
[WhiteTeam "Guangdong"]
[BlackTeam "Jiangsu"]
[WhiteFideId "8604940"]
[BlackFideId "8602298"]
[EventDate "2016.04.12"]

1. d4 d5 2. c4 c6 3. Nf3 Nf6 4. e3 a6 5. Nc3 Bf5 6. Qb3 b5 7. c5 a5 8. Be2 Nbd7
9. Nh4 e6 10. Nxf5 exf5 11. Qc2 g6 12. O-O Bg7 13. Rb1 O-O 14. b4 Ne4 15. Nxe4
fxe4 16. a4 bxa4 17. Qxa4 Qc7 18. b5 cxb5 19. Bxb5 Nf6 20. Bd2 Ng4 21. g3 Ra7
22. Ra1 Qe7 23. Qd1 f5 24. Rxa5 Rxa5 25. Bxa5 g5 26. h3 Nf6 27. Bd2 h5 28. Be2
h4 29. g4 f4 30. exf4 Nh7 31. fxg5 Bxd4 32. Be3 Bxe3 33. Qxd5+ Kh8 34. fxe3 Rd8
35. Qa2 Nxg5 36. Rf5 Qc7 37. Qa1+ Kh7 38. Qe1 1-0

[Event "TCh-CHN 2016"]
[Site "China CHN"]
[Date "2016.07.25"]
[Round "10.1"]
[Board "5"]
[White "Guo, Qi"]
[Black "Li, Xueyi"]
[Result "1-0"]
[WhiteTitle "IM"]
[WhiteElo "2436"]
[BlackElo "2112"]
[WhiteTeam "Jiangsu"]
[BlackTeam "Guangdong"]
[WhiteFideId "8604002"]
[BlackFideId "8605912"]
[EventDate "2016.04.12"]

1. d4 d5 2. c4 e6 3. Nf3 Nc6 4. Nc3 Nf6 5. Bg5 Be7 6. e3 O-O 7. Rc1 Ne4 8. Bxe7
Qxe7 9. Bd3 Nxc3 10. Rxc3 e5 11. Nxe5 Nxe5 12. dxe5 c6 13. cxd5 cxd5 14. f4 Bd7
15. O-O Bc6 16. Bc2 f6 17. Qd3 g6 18. Bb3 Kh8 19. exf6 Rxf6 20. Rd1 a5 21. Qd4
a4 22. Bxd5 Rd8 23. e4 Bxd5 24. exd5 Kg8 25. Qxa4 Qf7 26. Rf3 Rfd6 27. Rfd3 Kg7
28. Qd4+ Kg8 29. Qe5 b5 30. a3 Qa7+ 31. Kh1 Qd7 32. h3 Re8 33. Qd4 Re2 34. Re3
Rc2 35. Re6 1-0

[Event "TCh-CHN 2016"]
[Site "China CHN"]
[Date "2016.07.25"]
[Round "10.5"]
[Board "1"]
[White "Zhou, Weiqi"]
[Black "Xiong, Jeffery"]
[Result "1/2-1/2"]
[WhiteTitle "GM"]
[BlackTitle "GM"]
[WhiteElo "2635"]
[BlackElo "2641"]
[WhiteTeam "Chongqing"]
[BlackTeam "Zhejiang"]
[WhiteFideId "8601674"]
[BlackFideId "2047640"]
[EventDate "2016.04.12"]

1. d4 Nf6 2. c4 g6 3. g3 c5 4. Nf3 Bg7 5. Bg2 cxd4 6. Nxd4 O-O 7. O-O d5 8. cxd5
Nxd5 9. Nb3 Nb4 10. Nc3 N8c6 11. Bg5 h6 12. Bd2 Bf5 13. Rc1 Rc8 14. a3 Na6 15.
Be3 Kh7 16. Nd2 Qd7 17. Qa4 Bh3 18. Rfd1 Bxg2 19. Kxg2 Qf5 20. Nde4 Ne5 21. Qb5
Nc4 22. Qxb7 Nxe3+ 23. fxe3 Qe6 24. Qd7 Rc6 25. Qxe6 Rxe6 26. Rd7 Rb8 27. Rc2 f5
28. Nf2 Bxc3 29. bxc3 Rb3 30. a4 Ra3 31. Rxa7 Rxa4 32. Nd1 Kg7 33. Rd2 Nc5 34.
Rxa4 Nxa4 35. Rd4 Nc5 36. c4 Rc6 37. Rd2 Ne4 38. Rc2 g5 39. Nb2 Kf6 40. Nd3 Ke6
41. h3 Kd6 42. g4 e6 43. Nf2 Ke5 44. Nd3+ Kd6 45. Rc1 Rc7 46. Nf2 Ke5 47. Nd3+
Kd6 48. Nb4 Rb7 49. Nd3 1/2-1/2